It's never a break-up in love / (Record no. 146424)

MARC details
000 -LEADER
fixed length control field 00517nam a22001817a 4500
005 - DATE AND TIME OF LATEST TRANSACTION
control field 20171010155104.0
010 ## - LCCN (DPL NO)
LC control number ENG-120788
020 ## - INTERNATIONAL STANDARD BOOK NUMBER
International Standard Book Number 9789386191212
Terms of availability 350.00
035 ## - SYSTEM CONTROL NUMBER
System control number EN-104320
037 ## - SOURCE OF ACQUISITION
Source of stock number/acquisition DBAD/PUB
082 ## - DEWEY DECIMAL CLASSIFICATION NUMBER
Classification number N
100 ## - MAIN ENTRY--PERSONAL NAME
Personal name Ssood,Avijitt
245 ## - TITLE STATEMENT
Title It's never a break-up in love /
Statement of responsibility, etc by Avijitt Ssood
260 ## - PUBLICATION, DISTRIBUTION, ETC. (IMPRINT)
Place of publication, distribution, etc New Delhi
Name of publisher, distributor, etc Lifi Publications
Date of publication, distribution, etc 2017
270 ## - ADDRESS
Address 211,2nd floor, Gagandeep12, Rajendra Place
City New Delhi
Postal code 110008
300 ## - PHYSICAL DESCRIPTION
Extent x,150p.
Dimensions 20cm (Hb)
942 ## - ADDED ENTRY ELEMENTS (KOHA)
Source of classification or shelving scheme Dewey Decimal Classification
Item type English Books
Classification part N
Call number suffix SSO
Holdings
Withdrawn status Lost status Not for loan Collection code Home library Current library Date acquired Source of acquisition Cost, normal purchase price Full call number Barcode Copy number Cost, replacement price Koha item type
    Not For Loan Non-fiction D.B.Act.Division D.B.Act.Division 10/10/2017 DBAD/PUB 350.00 N SSO EN-104320 1 350.00 English Books

© Delhi Public Library
Hit Counter
free hit counter